| 000 | 01540nam0a22003611 4500 | ||
|---|---|---|---|
| 001 | v19\rc\1554945 | ||
| 005 | 20251113190203.8 | ||
| 035 | _a(NLR Aleph) 004690662 | ||
| 090 |
_a3930352 _c3930352 |
||
| 100 | _a20060620d1890 |||y0rusy50 ca | ||
| 101 | 0 | _arus | |
| 102 | _aRU | ||
| 105 | _ay z ||||| | ||
| 200 | 1 |
_aЧто такое так называемое право и наука о нем: правоведение или юриспруденция _fА. Мартесон |
|
| 210 |
_aМосква _cтип. А.И. Мамонтова и К° _d1890 |
||
| 215 |
_a[2], 120, III-VI с. _d22 |
||
| 300 | _aДоп. является: Мартесон-Гнидкин, А. Государственное опровержение лжеучений об обычном праве и правовом отношении в доказательство ненаучности так называемого обществоведения... М., 1906 | ||
| 700 | 1 |
_aМартесон-Гнидкин _bА. _gАлександр |
|
| 790 | 1 |
_aГнидкин _bА. _gАлександр |
|
| 790 | 1 |
_aМартесон _bА. Г. _gАртур Георгиевич |
|
| 801 | 0 |
_aRU _bNLR _gpsbo |
|
| 801 | 0 |
_aRU _bRuMoRGB _2psbo |
|
| 801 | 1 |
_aRU _bProSoft-M _2rusmarc |
|
| 852 |
_aNLR _j18.280.1.358 |
||
| 899 |
_aRuMoRGB _jF 65/92 |
||
| 899 |
_aRuMoRGB _jU 172/1007 |
||
| 899 |
_aRuMoRGB _jU 449/274 |
||
| 899 | _aБАН | ||
| 899 | _aНБ СПбГУ | ||
| 899 | _aГПИБ | ||
| 899 |
_aНБ МГУ _z(без доп.) |
||
| 942 | _cBOOK | ||
| 980 | _aNB | ||